000 00651nam a2200253Ia 4500
003 OSt
005 20220918164103.0
006 a|||||r|||| 00| 0
007 ta
008 220917b |||||||| |||| 00| 0 eng d
020 _a0415236975 (hbk)
024 _a172,807
037 _cTextual
040 _aARTS
_cARTS
_beng
041 _2eng
_aeng
082 _aRw3, P1 (SC)
100 _aHonderich Ted
_917131
245 0 _aPhilosopher a kind of life
260 _aLondon
_bRoutledge
_c2001
300 _ax, 414p.
_ccm.
650 _aPHILOSOPHY
942 _hRw3, P1 (SC)
_cTEXL
_2CC
999 _c123117
_d123117